000 01287cam a2200337 a 4500
999 _c206907
_d206907
003 BLK
005 20241212110439.0
008 180411b bul|||||r ||||||| ||bul||
010 _aKNG00216658000
020 _a978-619-204-105-2
040 _aBLK
041 _aBUL
_cBUL
072 _9178279
_aН84
_xБългарска художествена литература Н
080 _aБългарска литература
_b821.163.2
_x-32
_z821.163.2-32
100 _aКазанджиев, Светозар Илиев
_9372872
139 _aКазанджиев, Светозар Илиев
_bК 13
245 1 0 _aМилост
_bИстории за разказване
_cСветозар Илиев Казанджиев.
257 _aBGR
260 _c2017
_9209502
_aСофия
_bБълг. писател
_f(Смолян : Зеа принт)
300 _a256 с.
_c21 см
380 _aX
500 _aИстории, които правят света по-широк / Здравка Евтимова
659 7 _9178160
_aН
_xНови книги
852 _aЦб 289261
856 4 _qpdf
856 4 _qpdf
942 _cKNG
_n0
_07
944 _aCR
_c07.03.2018
_k30530
_lМинев Младен
944 _aED
_c2018-06-04
_kГГГ
999 _d206907